000 01930cam a2200361 a 4500
001 ocm29314897
003 0
005 20230123134335.0
008 931021s1994 nyua bf 001 0 eng
010 _a93041644
020 _a0070542996 (acid-free paper) :
_c$79.50
035 _bH130
040 _aDLC
_cNUST
_dGZM
_dEYD
_dOCL
049 _aMAIN
090 _aTK7836
245 0 0 _aElectronic materials and processes handbook /
_c[editors], Charles A. Harper, Ronald N. Sampson.
250 _a2nd ed.
260 _aNew York :
_bMcGraw-Hill,
_cc1994.
300 _a1 v. (various pagings) :
_bill. ;
_c24 cm.
440 0 _aElectronic packaging and interconnection series
500 _aCover title: Electronic materials & processes handbook.
504 _aIncludes bibliographical references and index.
505 0 _aPlastics, elastomers, and processing for electronics / William M. Alvino -- Printed-wiring boards / Victor J. Brzozowski and Carl T. Brooks -- Ceramics, glasses, and diamonds / Douglas M. Mattox -- Semiconductor materials / R. Noel Thomas and Albert A. Burk, Jr. -- Metals / Don E. Harrison and John D. Harrison -- Wire and cable / Edward J. Croop -- Metals joining of electronic circuitry / James F. Maguire -- Thin and thick films / James J. Licari -- Electrodeposition: materials and processes / Donald Baudrand -- Lithography and photofabrication / Jurgen Diekmann -- Advanced electronic packaging, materials, and processes / Stephen G. Konsowski.
650 0 _aElectronics
_xMaterials
_vHandbooks, manuals, etc.
650 0 _aManufacturing processes
_vHandbooks, manuals, etc.
650 0 _aElectronic apparatus and appliances
_xMaterials
_vHandbooks, manuals, etc.
700 1 _aHarper, Charles A.
700 1 _aSampson, Ronald N.
740 0 1 _aElectronic materials & processes handbook.
907 _a.b1007143x
_b22-01-07
_c17-04-03
994 _a92
_bZNA
942 _cBOOKS
_kTK7836
999 _c164210
_d164210